[Event "FIDE World Bl Team Pool E"]
[Site "Almaty"]
[Date "2024.08.05"]
[Round "3.6"]
[White "Demezhanov, Tuleubek"]
[Black "Ayapov, Alimzhan"]
[Result "1-0"]
[WhiteElo "1776"]
[BlackElo "2001"]
[PlyCount "45"]
[EventDate "2024.08.05"]
[EventType "team (blitz)"]
[EventRounds "7"]
[EventCountry "KAZ"]
[SourceTitle "CBM 221 Extra"]
[Source "ChessBase"]
[SourceDate "2024.09.30"]
[SourceVersion "1"]
[SourceVersionDate "2024.09.30"]
[SourceQuality "1"]
[WhiteTeam "Abai"]
[BlackTeam "Kazchess"]
[WhiteTeamCountry "KAZ"]
[BlackTeamCountry "KAZ"]

1. e4 c6 2. d4 d5 3. e5 c5 4. dxc5 e6 5. Be3 Nd7 6. Nf3 Ne7 7. c4 Nf5 8. cxd5 Nxe3 9. fxe3 Bxc5 10. dxe6 fxe6 11. Bc4 Qe7 12. Qd3 0-0 13. 0-0 Nb6 14. Bb3 Bd7 15. Nc3 Bc6 16. Ne4 Rad8 17. Nd4 Nd5 18. Nxc5 Qxc5 19. Nxe6 Rxf1+ 20. Rxf1 Qe7 21. Nxd8 Qxd8 22. e4 Qb6+ 23. Kh1 1-0

[Event "FIDE World Rapid Team"]
[Site "Almaty"]
[Date "2024.08.04"]
[Round "10.35"]
[White "Adilbekuly, Altair"]
[Black "Demezhanov, Tuleubek"]
[Result "0-1"]
[WhiteElo "1694"]
[BlackElo "1776"]
[PlyCount "106"]
[EventDate "2024.08.02"]
[EventType "team (rapid)"]
[EventRounds "12"]
[EventCountry "KAZ"]
[SourceTitle "CBM 221 Extra"]
[Source "ChessBase"]
[SourceDate "2024.09.30"]
[SourceVersion "1"]
[SourceVersionDate "2024.09.30"]
[SourceQuality "1"]
[WhiteTeam "Chess Empire"]
[BlackTeam "Abai"]
[WhiteTeamCountry "KAZ"]
[BlackTeamCountry "KAZ"]

1. e4 e5 2. f4 exf4 3. Bc4 Nc6 4. d4 Qh4+ 5. Kf1 d6 6. Nf3 Qf6 7. Nc3 Bg4 8. Nd5 Qd8 9. Bxf4 Na5 10. Qe2 Nxc4 11. Qxc4 c6 12. Nc3 Qf6 13. Bg5 Qg6 14. Bh4 Qh5 15. Bf2 Bxf3 16. gxf3 Qxf3 17. Rg1 Nf6 18. Rg3 Qh1+ 19. Bg1 0-0-0 20. d5 c5 21. Re1 Nh5 22. Rg2 Nf4 23. Rg3 h5 24. Ree3 Rh6 25. Nd1 h4 26. Rg4 Rf6 27. Nf2 Ng6 28. Ke2 Rxf2+ 29. Bxf2 Ne5 30. Qa4 Nxg4 31. Rb3 Nxf2 32. Qxa7 Qxe4+ 33. Kxf2 Qxd5 34. Qa8+ Kc7 35. Qa5+ Kd7 36. Qa7 Ke6 37. c4 Qd2+ 38. Kf1 Rd7 39. Qb8 Qd1+ 40. Kf2 Be7 41. Qe8 Qd2+ 42. Kf1 Rd8 43. Qb5 Bf6 44. Qxb7 Qd1+ 45. Kg2 Qg4+ 46. Kf1 Bd4 47. Qd5+ Ke7 48. Rf3 f6 49. h3 Qg1+ 50. Ke2 Qh2+ 51. Kd3 Qxb2 52. Ke4 Qe2+ 53. Kf5 Qe5+ 0-1